Quiz o flagach Europy. - Statystyki

Ogólne statystyki
  • Ten quiz został rozwiązany 105 razy
  • Średni wynik to 9 z 10
Statystyki odpowiedzi
Zagadnienie Odpowiedź % Poprawnych
Która z tych flag przedstawia flagę Portugalii?
100%
Która z tych Flag przedstawia flagę Polski?
90%
Która z tych flag przedstawia flagę Norwegii?
90%
Która z tych flag przedstawia flagę Unii Europejskiej?
90%
Która z tych flag przedstawia flagę Ukrainy?
90%
Która z tych flag przedstawia flagę Serbii?
90%
Która z tych flag przedstawia flagę Łotwy?
90%
Która z tych flag przedstawia flagę Macedonii Północnej?
90%
Która z tych flag przedstawia flagę Białorusi?
80%
Która z tych flag przedstawia flagę Bośni i Hercegowiny?
80%
Nie znaleziono quizów pasujących do podanych kryteriów
Rozkład punktacji
Procent ludzi z każdym wynikiem
Percentyl według liczby udzielonych odpowiedzi
Twoja historia wyników
Nie rozwiązałeś tego quizu